Movies Quiz

Random Movies or Actress Quiz
Score 0/5 Timer 04:00
0 Plays Today
Year Movie % Correct
1979Kramer vs. Kramer
94.3%
1978The Deer Hunter
89.7%
1977Julia
82.8%
1979Manhattan
80.5%
1979The Seduction of Joe Tynan
66.7%

You're not logged in!

Compare scores with friends on all Sporcle quizzes.
OR
Log In

Sporcle TV

Today on Sporcle TV


Watch our educational content, quiz creation guides, and fun videos on Sporcle TV.

Show Comments

Extras

Top Quizzes Today


Score Distribution

Paid Content

Your Account Isn't Verified!

In order to create a playlist on Sporcle, you need to verify the email address you used during registration. Go to your Sporcle Settings to finish the process.

Report this User

Report this user for behavior that violates our Community Guidelines.

Details: